[Event "SF Neuenkirchen 2 - Indische Dame Münst"]
[Site "Verbandsklasse 2016/2017"]
[Date "2017.02.11"]
[Round "6.4"]
[White "Carstensen, Jens"]
[Black "ter Veen, Michael"]
[Result "1-0"]
[WhiteElo "1693"]
[BlackElo "1730"]
[PlyCount "71"]
[EventDate "2017.??.??"]
[SourceDate "2016.10.13"]

1. d4 d5 2. Nf3 Nf6 3. e3 e6 4. Bd3 Nbd7 5. O-O Be7 6. Nbd2 O-O 7. e4 dxe4 8.
Nxe4 Nxe4 9. Bxe4 f5 10. Bd3 Bf6 11. Bc4 Nb6 12. Bb3 Kh8 13. Bf4 Nd5 14. Be5
Bd7 15. Re1 Rc8 16. Bxf6 Qxf6 17. Ne5 Be8 18. Qf3 c6 19. Rad1 Qg5 20. Rd3 Nf4
21. Rde3 Bh5 22. Qg3 Qxg3 23. hxg3 Nd5 24. Bxd5 exd5 25. Nd7 Rfd8 26. Re7 b6
27. Ne5 c5 28. dxc5 Rxc5 29. c3 a5 30. Nd3 Rcc8 31. Nf4 Be8 32. R1e5 g6 33.
Nxd5 Bc6 34. Nf6 Rd7 35. Rxd7 Bxd7 36. Re7 1-0

[Event "SF Neuenkirchen 2 - Indische Dame Münst"]
[Site "Verbandsklasse 2016/2017"]
[Date "2017.02.11"]
[Round "6.5"]
[White "Glotzbach, Thomas"]
[Black "Ternes, Joachim"]
[Result "1/2-1/2"]
[WhiteElo "1735"]
[BlackElo "1606"]
[PlyCount "101"]
[EventDate "2017.??.??"]
[SourceDate "2016.10.13"]

1. e4 c6 2. d4 d5 3. e5 Bf5 4. Nf3 e6 5. Be2 Nd7 6. O-O Ne7 7. Be3 h6 8. Nbd2
Bh7 9. Ne1 Nf5 10. g3 c5 11. c3 cxd4 12. cxd4 Nxe3 13. fxe3 Be7 14. Qb3 Rb8 15.
Ng2 O-O 16. Rac1 a6 17. Rc3 Qb6 18. a3 Qxb3 19. Nxb3 Rfc8 20. Rfc1 Nb6 21. Na5
Rxc3 22. Rxc3 Bd8 23. b4 Na4 24. Rc1 Bxa5 25. bxa5 Nb2 26. Rc3 Nc4 27. Bxc4 Rc8
28. Kf2 Rxc4 29. Rxc4 dxc4 30. Ke2 Be4 31. Ne1 Kf8 32. Kd2 Ke8 33. Kc3 Bd5 34.
Nc2 Kd7 35. Nb4 Kc7 36. e4 Bxe4 37. Kxc4 f5 38. exf6 gxf6 39. d5 e5 40. Kc5 f5
41. Na2 f4 42. Nc3 Bg2 43. gxf4 exf4 44. Nd1 f3 45. Nf2 Bf1 46. h4 h5 47. Kd4
Be2 48. Ke5 Kd7 49. Ne4 Ke7 50. Kf4 Bd1 51. Ke5 1/2-1/2

[Event "SF Neuenkirchen 2 - Indische Dame Münst"]
[Site "Verbandsklasse 2016/2017"]
[Date "2017.02.11"]
[Round "6.6"]
[White "Winter, Reinhold"]
[Black "Dittberner, Markus"]
[Result "1/2-1/2"]
[WhiteElo "1567"]
[BlackElo "1622"]
[PlyCount "46"]
[EventDate "2017.??.??"]
[SourceDate "2016.10.13"]

1. c4 Nf6 2. d4 g6 3. Nc3 Bg7 4. g3 O-O 5. Bg2 d6 6. Nf3 Nbd7 7. O-O e5 8. dxe5
dxe5 9. Bg5 h6 10. Bxf6 Bxf6 11. Qd2 Bg7 12. Rfd1 Qe7 13. Nd5 Qd6 14. Rac1 a5
15. Qc2 Qc5 16. e4 c6 17. Ne3 Nb6 18. b3 Be6 19. Rd2 Rfd8 20. Rcd1 Rxd2 21.
Qxd2 Bf6 22. Qd6 Qxd6 23. Rxd6 Kg7 1/2-1/2

[Event "SF Neuenkirchen 2 - Indische Dame Münst"]
[Site "Verbandsklasse 2016/2017"]
[Date "2017.02.11"]
[Round "6.7"]
[White "Overesch, Dieter"]
[Black "Barlage, Stefan"]
[Result "1-0"]
[WhiteElo "1689"]
[BlackElo "1123"]
[PlyCount "65"]
[EventDate "2017.??.??"]
[SourceDate "2016.10.13"]

1. d4 Nf6 2. Nf3 d5 3. c3 e6 4. e3 Bd6 5. Bd3 O-O 6. Nbd2 b6 7. Qe2 Nbd7 8. e4
dxe4 9. Nxe4 h6 10. O-O e5 11. Nxf6+ Qxf6 12. Qe4 Qg6 13. Qxa8 Qxd3 14. Qc6 Ba6
15. Re1 Bb5 16. Qe4 Qxe4 17. Rxe4 Re8 18. Re1 Kf8 19. Bd2 Re7 20. Nh4 Bd3 21.
g4 exd4 22. cxd4 g5 23. Nf5 Bxf5 24. gxf5 Rxe1+ 25. Rxe1 Be7 26. Bc3 Bf6 27.
Kg2 c5 28. dxc5 Bxc3 29. bxc3 Nxc5 30. Kf3 f6 31. Rd1 Ke7 32. Kg4 Ne4 33. Re1
1-0

[Event "SF Beelen 2 - Schach Nienberge 2"]
[Site "Verbandsklasse 2016/2017"]
[Date "2017.02.11"]
[Round "6.1"]
[White "da Costa Campos, André"]
[Black "Fuisting, Dominik"]
[Result "1/2-1/2"]
[WhiteElo "1909"]
[BlackElo "1737"]
[PlyCount "76"]
[EventDate "2017.??.??"]
[SourceDate "2016.10.13"]

1. e4 c6 2. d4 d5 3. exd5 cxd5 4. c4 Nc6 5. Nf3 Bg4 6. Be3 Nf6 7. Nc3 e6 8. c5
Be7 9. Be2 O-O 10. a3 a6 11. O-O Ne4 12. Na4 Nf6 13. Nb6 Ra7 14. b4 Nd7 15.
Nxd7 Qxd7 16. h3 Bf5 17. Re1 Bf6 18. Bd3 Bxd3 19. Qxd3 Qc7 20. Rab1 Rfa8 21.
Ng5 g6 22. Nf3 Kg7 23. Bg5 Bxg5 24. Nxg5 Qf4 25. Nf3 h5 26. g3 Qf6 27. Kg2 Qd8
28. h4 b5 29. Ng5 Qf6 30. Rbd1 Rb7 31. Re3 a5 32. Rf3 Qd8 33. Re1 Qe8 34. Qd2
axb4 35. axb4 Ra4 36. Qf4 Qe7 37. Qd2 Qe8 38. Qf4 Qe7 1/2-1/2

[Event "SF Beelen 2 - Schach Nienberge 2"]
[Site "Verbandsklasse 2016/2017"]
[Date "2017.02.11"]
[Round "6.2"]
[White "Hanewinkel, Christian"]
[Black "Melkert, Tim"]
[Result "0-1"]
[WhiteElo "1672"]
[BlackElo "1861"]
[PlyCount "138"]
[EventDate "2017.??.??"]
[SourceDate "2016.10.13"]

1. e4 e6 2. d4 d5 3. Bd3 dxe4 4. Bxe4 Nf6 5. Bf3 c5 6. Ne2 Nc6 7. c3 Qb6 8. b3
Be7 9. Ba3 O-O 10. O-O Rd8 11. Nd2 Qa6 12. Bxc5 Bxc5 13. dxc5 e5 14. Qc2 Rxd2
15. Qxd2 e4 16. Bxe4 Nxe4 17. Qe3 Nf6 18. Nd4 Bd7 19. Rfe1 Re8 20. Qd2 Ne4 21.
Qe3 h6 22. b4 Qc4 23. Nxc6 Bxc6 24. Qd4 Qxd4 25. cxd4 Nc3 26. Rxe8+ Bxe8 27.
Re1 Kf8 28. a3 Nb5 29. a4 Nxd4 30. b5 Nb3 31. Re5 f6 32. Rd5 Ke7 33. Kf1 Bf7
34. Rd1 Nxc5 35. Rc1 Kd6 36. a5 Bd5 37. Rc3 Nb3 38. b6 a6 39. Rg3 g5 40. Rh3
Nxa5 41. Rxh6 Ke5 42. g3 Nc4 43. f4+ gxf4 44. gxf4+ Kf5 45. Rh5+ Ke4 46. h4 a5
47. Rh6 f5 48. h5 Kxf4 49. Rg6 Ne5 50. Rd6 Bc4+ 51. Ke1 a4 52. h6 Bg8 53. Rd8
Bh7 54. Rd4+ Ke3 55. Rxa4 f4 56. Ra8 f3 57. Rf8 f2+ 58. Kd1 Nf3 59. Re8+ Be4
60. Rxe4+ Kxe4 61. Ke2 f1=Q+ 62. Kxf1 Ng5 63. Kg2 Kf5 64. Kg3 Kg6 65. Kf4 Nf7
66. Ke4 Nd6+ 67. Kd5 Nc8 68. Ke6 Nxb6 69. Kd6 Na8 0-1

[Event "SF Beelen 2 - Schach Nienberge 2"]
[Site "Verbandsklasse 2016/2017"]
[Date "2017.02.11"]
[Round "6.3"]
[White "Kluczka, Konrad"]
[Black "Wältermann, Thomas"]
[Result "0-1"]
[WhiteElo "1817"]
[BlackElo "1742"]
[PlyCount "86"]
[EventDate "2017.??.??"]
[SourceDate "2016.10.13"]

1. e4 c5 2. c3 d5 3. exd5 Qxd5 4. d4 Nc6 5. Nf3 Bg4 6. Be2 e6 7. O-O Nf6 8. Na3
cxd4 9. Nb5 O-O-O 10. Nfxd4 Bxe2 11. Qxe2 Bc5 12. Nxc6 Qxc6 13. Nd4 Bxd4 14.
cxd4 Nd5 15. Bg5 Kb8 16. Bxd8 Rxd8 17. Rac1 Qb6 18. Rfd1 Ka8 19. Qc4 Kb8 20. b3
Nb4 21. Qc5 Nxa2 22. Qxb6 axb6 23. Rc4 b5 24. Rc5 b6 25. Rc2 Nb4 26. Rcd2 Rc8
27. g3 Rc3 28. Rb2 Kb7 29. Rbb1 Nd3 30. Kf1 Nb4 31. Ke2 Nd5 32. Rd2 b4 33. Ra2
Rc7 34. Raa1 Nc3+ 35. Kd3 Nxb1 36. Rxb1 Rc3+ 37. Kd2 Kc6 38. Ra1 Rxb3 39. Ra8
Rb2+ 40. Kd3 Rxf2 41. Kc4 Rxh2 42. Rc8+ Kd7 43. Ra8 Ke7 0-1

[Event "SF Beelen 2 - Schach Nienberge 2"]
[Site "Verbandsklasse 2016/2017"]
[Date "2017.02.11"]
[Round "6.4"]
[White "Radinger, Rudolf"]
[Black "Schipke, Thorsten"]
[Result "0-1"]
[WhiteElo "1633"]
[BlackElo "1813"]
[PlyCount "68"]
[EventDate "2017.??.??"]
[SourceDate "2016.10.13"]

1. e4 c5 2. Nf3 Nf6 3. Nc3 e6 4. d4 cxd4 5. Nxd4 Bb4 6. Bd3 Nc6 7. Nde2 d5 8.
O-O d4 9. Nb1 e5 10. Nd2 Bg4 11. f4 exf4 12. Rxf4 Bd6 13. Rf1 Qe7 14. Qe1 Qc7
15. Qh4 O-O-O 16. Nc4 Bc5 17. Rxf6 Bxe2 18. Rf5 Bxd3 19. Rxc5 Bxc4 20. Rxc4 f6
21. a4 g5 22. Qh3+ Kb8 23. b4 Qe5 24. Bb2 Rhe8 25. Re1 f5 26. Rc5 Qd6 27. Qxf5
Rf8 28. Qxg5 Rg8 29. Qd2 Ne5 30. Kh1 Ng4 31. g3 Rdf8 32. Qxd4 Qh6 33. Qg1 Nf2+
34. Kg2 Qh3# 0-1

[Event "SF Beelen 2 - Schach Nienberge 2"]
[Site "Verbandsklasse 2016/2017"]
[Date "2017.02.11"]
[Round "6.5"]
[White "Van de Vyle, Jan"]
[Black "Hofene, Markus"]
[Result "0-1"]
[WhiteElo "1753"]
[BlackElo "1659"]
[PlyCount "68"]
[EventDate "2017.??.??"]
[SourceDate "2016.10.13"]

1. e4 d5 2. exd5 Nf6 3. Bb5+ Bd7 4. Be2 Nxd5 5. d4 e6 6. Nf3 c5 7. c4 Nf6 8.
O-O cxd4 9. Nxd4 Nc6 10. Nb5 a6 11. Nd6+ Bxd6 12. Qxd6 Qe7 13. Qg3 Nd4 14. Bd1
Nf5 15. Qe5 Bc6 16. b3 Nd7 17. Qc3 Qf6 18. Ba3 Ne5 19. f4 Qg6 20. g3 Ng4 21.
Bc5 h5 22. Bf3 Rc8 23. Bxc6+ Rxc6 24. b4 h4 25. Nd2 hxg3 26. Ne4 Qh5 27. Kg2
Qh3+ 28. Kf3 Nxh2+ 29. Ke2 Qg4+ 30. Kd2 Nxf1+ 31. Rxf1 Rh2+ 32. Kc1 g2 33. Re1
Qxf4+ 34. Kb1 Rh1 0-1

[Event "SF Beelen 2 - Schach Nienberge 2"]
[Site "Verbandsklasse 2016/2017"]
[Date "2017.02.11"]
[Round "6.7"]
[White "Schulte Austum, Frank"]
[Black "Grothues, Fabian"]
[Result "1-0"]
[WhiteElo "1735"]
[BlackElo "1576"]
[PlyCount "103"]
[EventDate "2017.??.??"]
[SourceDate "2016.10.13"]

1. d4 g6 2. Nf3 Bg7 3. g3 Nf6 4. Bg2 d6 5. c4 O-O 6. Nc3 Nbd7 7. e4 e5 8. d5
Nc5 9. Qc2 Bg4 10. b4 Ncd7 11. Bb2 c5 12. a3 b6 13. Nd2 Nb8 14. bxc5 bxc5 15.
Rb1 Qc8 16. Nb5 Ne8 17. O-O Bd7 18. f4 Bxb5 19. cxb5 Nd7 20. Nc4 f6 21. Bh3 Qc7
22. fxe5 fxe5 23. a4 Nb6 24. Be6+ Kh8 25. Rxf8+ Bxf8 26. Rf1 Bg7 27. Rf7 Qd8
28. Na5 Nf6 29. Nc6 Qe8 30. Re7 Qf8 31. a5 Nc8 32. Rf7 Qe8 33. Qf2 Nxe4 34. Qe3
Nf6 35. Nxe5 Ne7 36. Nd7 Nh5 37. Bxg7+ Nxg7 38. Qh6 Nef5 39. Qg5 Nxe6 40. Qf6+
Neg7 41. Rf8+ Qxf8 42. Nxf8 Re8 43. Ne6 Rg8 44. b6 axb6 45. axb6 Ne3 46. Nd8
Re8 47. b7 Ng4 48. Qxd6 Nf5 49. Qxc5 Re1+ 50. Kg2 Re2+ 51. Kf3 Rf2+ 52. Qxf2
1-0

[Event "SF Beelen 2 - Schach Nienberge 2"]
[Site "Verbandsklasse 2016/2017"]
[Date "2017.02.11"]
[Round "6.8"]
[White "Merkentrup, Ralf"]
[Black "Albustin, Benedikt"]
[Result "0-1"]
[WhiteElo "1562"]
[BlackElo "1879"]
[PlyCount "52"]
[EventDate "2017.??.??"]
[SourceDate "2016.10.13"]

1. d4 Nf6 2. Bf4 g6 3. Nc3 d5 4. e3 Bg7 5. h4 O-O 6. Bd3 c5 7. dxc5 Qa5 8. Qd2
Qxc5 9. Nge2 Nc6 10. Nc1 e5 11. Nb3 Qb6 12. Bg5 d4 13. exd4 exd4 14. Ne2 Ng4
15. h5 Nce5 16. hxg6 fxg6 17. O-O Nxd3 18. cxd3 Be6 19. Na5 Rf5 20. Nc4 Bxc4
21. dxc4 Qc7 22. Ng3 Raf8 23. Bh4 Rxf2 24. Rxf2 Rxf2 25. Qg5 Qd7 26. Re1 Bf6
0-1